[Event "FIDE-Online-Steinitz-Memorial-Women"]
[Site "Internet"]
[Date "2020.05.15"]
[Round "1.1"]
[White "Kosteniuk, Alexandra"]
[Black "Sebag, Marie"]
[Result "1-0"]
[WhiteElo "2521"]
[BlackElo "2482"]
[Annotator "TA"]
[PlyCount "129"]
[EventDate "2020.05.15"]
[EventType "tourn"]
[SourceTitle "playchess.com"]
[Source "ChessBase"]
[SourceQuality "1"]

{[%evp 19,129,1,5,3,12,3,3,4,7,7,25,0,0,0,22,0,22,0,30,30,47,40,37,25,47,31,26,0,27,-165,-169,-162,-159,-156,-166,-154,-157,-154,-26,-32,-50,-41,0,0,0,0,0,-58,-51,-76,-53,-42,-29,-24,-33,-35,-27,-39,0,-18,0,0,0,0,0,-69,-72,-198,0,-134,52,39,47,0,0,0,0,0,0,0,0,0,0,-1,8,13,132,100,110,-200,-204,-333,160,66,212,198,191,193,196,183,287,227,322,124,188,0,309,314,29983,29984,29979,6111]} 1. e4 c5 2. c3 Nf6 3. e5 Nd5 4. d4 cxd4 5. Nf3 e6 6. cxd4 d6 7. Bc4 Nc6 8. O-O Be7 9. Qe2 O-O 10. Rd1 $1 {[%mdl 4] is currently scoring better than 10.Nc3.} Na5 11. Bd3 {B22: Sicilian: 2 c3.} Nb4 12. Nc3 Nxd3 13. Rxd3 {The position is equal.} d5 14. Ne1 f6 15. exf6 Bxf6 {[#]} 16. Nf3 $146 ({Predecessor:} 16. Bf4 Bd7 17. Rad1 Qe7 18. Re3 Qf7 19. b3 Nc6 20. Red3 Ne7 21. Bd6 Rfc8 22. Nf3 {1-0 (42) Kosteniuk,A (2546)-Muzychuk,M (2563) Kazan 2019}) 16... Nc6 17. b3 b6 18. Rd1 Bd7 19. Ba3 Rf7 20. Bd6 Rc8 21. Rac1 h6 22. Bg3 Rf8 23. Nb5 a6 $1 {[%cal Ra6b5]} 24. Nd6 $2 {[#]} (24. Nc3 $11) 24... Nxd4 $1 $19 {[%mdl 512]} 25. Nxd4 (25. Rxd4 Rxc1+) 25... Rxc1 {[%mdl 64] Overworked Piece} 26. Rxc1 Bxd4 27. Qxa6 Qf6 28. Rf1 Bc5 (28... h5 $17 29. Nb5 Bxb5 30. Qxb5 h4) 29. Nb7 Bc8 30. Qa8 Bd4 (30... Bxb7 $5 31. Qxb7 Qb2 $15) 31. Nd6 Bd7 32. Qb7 Qe7 33. Nb5 (33. Re1 $11) 33... Bc5 $15 34. Nc3 h5 35. h4 $1 Qf7 36. Qc7 Be8 37. Qxf7+ Bxf7 38. Rd1 Bg6 39. Nb5 Bf5 40. Nd6 Bg4 41. Rd2 Ra8 42. Nb7 (42. Rb2 $11) 42... Bb4 43. Rc2 (43. Rd4 $17 {was forced.} Be1 44. Kf1) 43... Ra7 $2 (43... d4 $1 $19 {[%cal Rd4d3]} 44. Rc4 d3 45. Rxb4 d2) 44. Nd8 (44. Bd6 $1 $11 {remains equal.}) 44... Rd7 $2 (44... d4 $1 $17 {[%cal Rd4d3] Strongly threatening ...d3.} 45. f3 d3) 45. Nc6 Bc5 46. Ne5 (46. b4 {keeps more tension.} Bf8 47. Rd2 b5 48. a3 Rb7 49. Nd4) 46... Ra7 47. Nxg4 hxg4 $11 {[%mdl 4096] Endgame KRB-KRB} 48. a4 Kf7 49. Be5 Kg6 50. Kf1 Kf5 51. Re2 d4 {And now ...d3 would win.} 52. Bg3 {Threatens to win with Re5+.} Rd7 (52... d3 $11 53. Re5+ Kf6) 53. Re5+ $1 $16 Kf6 54. Ke2 $2 {[%mdl 8192]} (54. Rg5 $16 {keeps the pressure on.} Bd6 55. Rxg4) 54... d3+ $19 55. Kd1 {[#]} (55. Kd2 {was the only chance.} Bxf2 56. Bf4) 55... d2 $2 {[#]} (55... Bxf2 $1 $19 {[%mdl 512]} 56. Bf4 (56. Bxf2 Kxe5) 56... Bd4) 56. Re4 ({White should try} 56. Rg5 $1 $16 Bd4 57. Rxg4) 56... Rd3 ({Better is} 56... e5 $1 $14) 57. Rf4+ $18 ({Weaker is} 57. Rxg4 e5 $14) 57... Ke7 58. Rxg4 Rxb3 {White must now prevent ...Bb4.} 59. Kxd2 ({Not} 59. Rxg7+ Kf6 $11) 59... Rb2+ (59... Kf6 $142 60. h5 b5) 60. Kd3 Kf6 (60... Bxf2 {keeps fighting.} 61. Be5 Rb3+ 62. Kc2 Re3) 61. Rf4+ $2 (61. Rg5 $18 {aiming for Be5+.} Rb3+ 62. Kc2) 61... Ke7 (61... Kg6 $16 {was necessary.} 62. Rg4+ Kh5 63. Rxg7 Bxf2) 62. Rg4 (62. h5 $142) 62... Kf6 $1 63. Rg5 {Hoping for Be5+.} Bxf2 $2 (63... Rb3+ $18 64. Kc2 Rb4 65. Be5+ Kf7 66. Rxg7+ Kf8) 64. Be5+ {[%mdl 64] Double Attack} Kf7 65. Bxb2 {Accuracy: White = 65%, Black = 57%.} (65. Rxg7+ $142 Kf8 66. Bxb2 Bxh4 67. Rb7 Ke8 68. Rxb6 Kf7 69. a5 Bg3 70. Rb7+ Kg6 71. a6) 1-0

[Event "FIDE-Online-Steinitz-Memorial-Women"]
[Site "Internet"]
[Date "2020.05.15"]
[Round "1.1"]
[White "Khademalsharieh, Sarasadat"]
[Black "Lei, Tingjie"]
[Result "1/2-1/2"]
[WhiteElo "2431"]
[BlackElo "2530"]
[Annotator "RC"]
[PlyCount "128"]
[EventDate "2020.05.15"]
[EventType "tourn"]
[SourceTitle "playchess.com"]
[Source "ChessBase"]
[SourceQuality "1"]
[TimeControl "180+2"]

1. d4 Nf6 2. c4 {[%emt 0:00:05]} g6 {[%emt 0:00:04]} 3. g3 {[%emt 0:00:02]} c6 {[%emt 0:00:02]} 4. Bg2 {[%emt 0:00:04]} d5 {[%emt 0:00:02]} 5. e3 {[%emt 0:00:01]} Bg7 {[%emt 0:00:02]} 6. Ne2 {[%emt 0:00:02]} O-O {[%emt 0:00:01]} 7. O-O {[%emt 0:00:01]} b6 {[%emt 0:00:27]} 8. b3 {[%emt 0:00:06]} Bb7 {[%emt 0:00:03]} 9. a4 {[%emt 0:00:08]} a5 {[%emt 0:00:19]} 10. Nbc3 {[%emt 0:00:10]} e6 {[%emt 0:00:04]} 11. Ba3 {[%emt 0:00:02]} Re8 {[%emt 0:00:01]} 12. cxd5 {[%emt 0:00:21]} exd5 {[%emt 0:00:02]} 13. Rc1 {[%emt 0:00:02]} Nbd7 {[%emt 0:00:01]} 14. Nf4 {[%emt 0:00:04]} Bf8 {[%emt 0:00:07]} 15. Bxf8 {[%emt 0:00:03]} Nxf8 {[%emt 0:00:01]} 16. Qd2 {[%emt 0:00:05]} Qd6 {[%emt 0:00:05]} 17. Rfd1 {[%emt 0:00:03]} Rad8 {[%emt 0:00:02]} 18. Nd3 {[%emt 0:00:02]} N6d7 {[%emt 0:00:03]} 19. Qb2 {[%emt 0:00:03]} Ba6 {[%emt 0:00:11]} 20. Nf4 {[%emt 0:00:05]} Ne6 {[%emt 0:00:04]} 21. Nxe6 {[%emt 0:00:03]} Qxe6 {[%emt 0:00:03]} 22. Ne2 {[%emt 0:00:17]} Qd6 {[%emt 0:00:05]} 23. Nf4 {[%emt 0:00:02]} Nf6 {[%emt 0:00:03]} 24. Nd3 {[%emt 0:00:04]} Bxd3 {[%emt 0:00:29]} 25. Rxd3 {[%emt 0:00:02]} Rc8 {[%emt 0:00:03]} 26. Rdc3 {[%emt 0:00:06]} Ne4 {[%emt 0:00:06]} 27. R3c2 {[%emt 0:00:06]} h5 {[%emt 0:00:03]} 28. Rb1 {[%emt 0:00:15]} Qb4 {[%emt 0:00:35]} 29. Rbc1 {[%emt 0:00:13]} Qd6 {[%emt 0:00:02]} 30. Rb1 {[%emt 0:00:10]} Qb4 {[%emt 0:00:01]} 31. Qc1 {[%emt 0:00:01]} Qd6 {[%emt 0:00:17]} 32. Qe1 {[%emt 0:00:01]} Ra8 {[%emt 0:00:17]} 33. b4 {[%emt 0:00:13]} axb4 {[%emt 0:00:01]} 34. Qxb4 {[%emt 0:00:05]} Qxb4 {[%emt 0:00:02]} 35. Rxb4 {[%emt 0:00:01]} c5 {[%emt 0:00:01]} 36. Rxb6 {[%emt 0:00:06]} cxd4 {[%emt 0:00:01]} 37. Bxe4 {[%emt 0:00:10]} Rxe4 {[%emt 0:00:04]} 38. exd4 {[%emt 0:00:08]} Rxa4 {[%emt 0:00:02]} 39. Rd6 {[%emt 0:00:02]} Raxd4 {[%emt 0:00:03]} 40. h4 {[%emt 0:00:05]} Re1+ {[%emt 0:00:02]} 41. Kg2 {[%emt 0:00:01]} Rdd1 {[%emt 0:00:02]} 42. Rc7 {[%emt 0:00:03]} Re6 {[%emt 0:00:03]} 43. Rd8+ {[%emt 0:00:06]} Kg7 {[%emt 0:00:02]} 44. Rcd7 {[%emt 0:00:01]} Re5 {[%emt 0:00:02]} 45. Rc7 {[%emt 0:00:12]} Rd2 {[%emt 0:00:02]} 46. Rc3 {[%emt 0:00:01]} Rf5 {[%emt 0:00:05]} 47. Rf3 {[%emt 0:00:01]} Kf6 {[%emt 0:00:02]} 48. Rxf5+ {[%emt 0:00:05]} Kxf5 {[%emt 0:00:01]} 49. Re8 {[%emt 0:00:01]} f6 {[%emt 0:00:01]} 50. Kf3 {[%emt 0:00:02]} g5 {[%emt 0:00:01]} 51. hxg5 {[%emt 0:00:03]} fxg5 {[%emt 0:00:04]} 52. Rf8+ {[%emt 0:00:01]} Kg6 {[%emt 0:00:02]} 53. Rg8+ {[%emt 0:00:04]} Kf6 {[%emt 0:00:01]} 54. Rf8+ {[%emt 0:00:01]} Kg7 {[%emt 0:00:02]} 55. Rf5 {[%emt 0:00:03]} Kg6 {[%emt 0:00:01]} 56. Rf8 {[%emt 0:00:02]} d4 {[%emt 0:00:02]} 57. Rd8 {[%emt 0:00:01]} g4+ {[%emt 0:00:03]} 58. Kg2 {[%emt 0:00:05]} Kf5 {[%emt 0:00:01]} 59. Rd5+ {[%emt 0:00:02]} Kg6 {[%emt 0:00:05]} 60. Kf1 {[%emt 0:00:06]} d3 {[%emt 0:00:04]} 61. Ke1 {[%emt 0:00:01]} Re2+ {[%emt 0:00:01]} 62. Kf1 {[%emt 0:00:01]} Rd2 {[%emt 0:00:01]} 63. Ke1 {[%emt 0:00:01]} Re2+ {[%emt 0:00:01]} 64. Kf1 {[%emt 0:00:01]} Rd2 {[%emt 0:00:01]} 1/2-1/2

[Event "FIDE-Online-Steinitz-Memorial-Women"]
[Site "Internet"]
[Date "2020.05.15"]
[Round "1.1"]
[White "Abdumalik, Zhansaya"]
[Black "Stefanova, Antoaneta"]
[Result "1/2-1/2"]
[WhiteElo "2409"]
[BlackElo "2485"]
[Annotator "RC"]
[PlyCount "128"]
[EventDate "2020.05.15"]
[EventType "tourn"]
[SourceTitle "playchess.com"]
[Source "ChessBase"]
[SourceQuality "1"]
[TimeControl "180+2"]

1. e4 e5 2. Nf3 {[%emt 0:00:06]} Nc6 {[%emt 0:00:04]} 3. Bb5 {[%emt 0:00:02]} a6 {[%emt 0:00:01]} 4. Ba4 {[%emt 0:00:02]} g6 {[%emt 0:00:01]} 5. d4 {[%emt 0:00:08]} b5 {[%emt 0:00:03]} 6. Bb3 {[%emt 0:00:02]} exd4 {[%emt 0:00:01]} 7. Nxd4 {[%emt 0:00:07]} Bb7 {[%emt 0:00:02]} 8. a4 {[%emt 0:00:06]} Bg7 {[%emt 0:00:09]} 9. Nxc6 {[%emt 0:00:10]} dxc6 {[%emt 0:00:02]} 10. Qe2 {[%emt 0:00:09]} Qe7 {[%emt 0:00:04]} 11. O-O {[%emt 0:00:07]} Nf6 {[%emt 0:00:04]} 12. Re1 {[%emt 0:00:07]} Nd7 {[%emt 0:00:09]} 13. c3 {[%emt 0:00:07]} O-O {[%emt 0:00:14]} 14. Bf4 {[%emt 0:00:08]} Nc5 {[%emt 0:00:02]} 15. Bc2 {[%emt 0:00:02]} Rfe8 {[%emt 0:00:15]} 16. Nd2 {[%emt 0:00:04]} Ne6 {[%emt 0:00:09]} 17. Be3 {[%emt 0:00:12]} b4 {[%emt 0:00:01]} 18. cxb4 {[%emt 0:00:12]} Qxb4 {[%emt 0:00:03]} 19. Rab1 {[%emt 0:00:08]} a5 {[%emt 0:00:06]} 20. Qc4 {[%emt 0:00:06]} Nd4 {[%emt 0:00:07]} 21. Qxb4 {[%emt 0:00:18]} axb4 {[%emt 0:00:03]} 22. Bd1 {[%emt 0:00:01]} c5 {[%emt 0:00:07]} 23. Rc1 {[%emt 0:00:05]} b3 {[%emt 0:00:12]} 24. Rxc5 {[%emt 0:00:12]} Rxa4 {[%emt 0:00:06]} 25. Rxc7 {[%emt 0:00:05]} Rb4 {[%emt 0:00:27]} 26. Bxd4 {[%emt 0:00:10]} Bxd4 {[%emt 0:00:04]} 27. Bxb3 {[%emt 0:00:01]} Rf8 {[%emt 0:00:06]} 28. Rc4 {[%emt 0:00:05]} Rxc4 {[%emt 0:00:05]} 29. Nxc4 {[%emt 0:00:01]} Ba6 {[%emt 0:00:04]} 30. Nd6 {[%emt 0:00:05]} Bxb2 {[%emt 0:00:07]} 31. f4 {[%emt 0:00:09]} Bd4+ {[%emt 0:00:06]} 32. Kh1 {[%emt 0:00:02]} Kg7 {[%emt 0:00:04]} 33. e5 {[%emt 0:00:06]} Bc5 {[%emt 0:00:12]} 34. Ra1 {[%emt 0:00:08]} Bd3 {[%emt 0:00:09]} 35. Rd1 {[%emt 0:00:05]} Be2 {[%emt 0:00:02]} 36. Re1 {[%emt 0:00:03]} Bd3 {[%emt 0:00:02]} 37. h3 {[%emt 0:00:10]} Rb8 {[%emt 0:00:05]} 38. Bd5 {[%emt 0:00:04]} Rf8 {[%emt 0:00:17]} 39. Rd1 {[%emt 0:00:02]} Be2 {[%emt 0:00:03]} 40. Rb1 {[%emt 0:00:01]} h5 {[%emt 0:00:05]} 41. Rb7 {[%emt 0:00:03]} Bxd6 {[%emt 0:00:06]} 42. exd6 {[%emt 0:00:01]} Kf6 {[%emt 0:00:00]} 43. Kg1 {[%emt 0:00:05]} Bd3 {[%emt 0:00:02]} 44. Kf2 {[%emt 0:00:03]} Bf5 {[%emt 0:00:01]} 45. Ke3 {[%emt 0:00:03]} Be6 {[%emt 0:00:01]} 46. Be4 {[%emt 0:00:02]} Rd8 {[%emt 0:00:03]} 47. Rb6 {[%emt 0:00:01]} Rc8 {[%emt 0:00:02]} 48. Kd4 {[%emt 0:00:03]} Rc1 {[%emt 0:00:02]} 49. Bd3 {[%emt 0:00:03]} Rd1 {[%emt 0:00:02]} 50. Ke3 {[%emt 0:00:05]} Re1+ {[%emt 0:00:06]} 51. Kd2 {[%emt 0:00:01]} Rg1 {[%emt 0:00:01]} 52. Be4 {[%emt 0:00:00]} Rf1 {[%emt 0:00:02]} 53. Bf3 {[%emt 0:00:01]} Ra1 {[%emt 0:00:03]} 54. Rb7 {[%emt 0:00:05]} Ra6 {[%emt 0:00:03]} 55. d7 {[%emt 0:00:01]} Rd6+ {[%emt 0:00:01]} 56. Ke3 {[%emt 0:00:01]} Rxd7 {[%emt 0:00:01]} 57. Rxd7 {[%emt 0:00:01]} Bxd7 {[%emt 0:00:01]} 58. g4 {[%emt 0:00:01]} hxg4 {[%emt 0:00:03]} 59. hxg4 {[%emt 0:00:01]} Kg7 {[%emt 0:00:02]} 60. g5 {[%emt 0:00:02]} Be6 {[%emt 0:00:01]} 61. Ke4 {[%emt 0:00:02]} Kf8 {[%emt 0:00:00]} 62. Ke5 {[%emt 0:00:01]} Ke7 {[%emt 0:00:01]} 63. Be4 {[%emt 0:00:00]} Bh3 {[%emt 0:00:02]} 64. Bd5 {[%emt 0:00:01]} Bf5 {[%emt 0:00:03]} 1/2-1/2

[Event "FIDE-Online-Steinitz-Memorial-Women"]
[Site "Internet"]
[Date "2020.05.15"]
[Round "1.1"]
[White "Paehtz, Elisabeth"]
[Black "Tan, Zhongyi"]
[Result "0-1"]
[WhiteElo "2396"]
[BlackElo "2510"]
[Annotator "TA"]
[PlyCount "148"]
[EventDate "2020.05.15"]
[EventType "tourn"]
[SourceTitle "playchess.com"]
[Source "ChessBase"]
[SourceQuality "1"]

{[%evp 15,148,0,0,0,0,-3,16,16,72,70,68,68,68,68,68,68,69,61,74,77,71,69,61,0,20,0,0,0,0,-33,-27,-21,-4,-4,-10,-9,-9,-12,-13,-88,-89,-278,-275,-400,-400,-828,-821,-887,-791,-777,-769,-769,-762,-561,-542,-765,-722,-597,-527,-497,-33,-524,-344,-274,-255,-494,-486,-772,-739,-1106,-1475,-1416,-1528,-1187,-1000,-2020,-2000,-3129,-3216,-4711,-4508,-3747,-3631,-2622,-1894,-2133,-2285,-5331,-5548,-4602,-3206,-2466,-2424,-2300,-2052,-29966,-29967,-29967,-29964,-29968,-29971,-29971,-29972,-8647,-6199,-5824,-5141,-2275,-2003,-4794,-5102,-29982,-29983,-29983,-29984,-29984,-29985,-29989,-29990,-29990,-29988,-29993,-29988,-29988,-29987,-29987,-29988,-29988,-29986,-29987,-29987,-29989,-29990,-29992,-29993]} 1. d4 Nf6 2. Nf3 e6 3. Bf4 d5 4. e3 c5 5. Nbd2 Nc6 6. c3 Bd6 7. Bg3 O-O 8. Bd3 b6 9. Qe2 {D02: 1 d4 d5 2 Nf3 sidelines, including 2...Nf6 3 g3 and 2...Nf6 3 Bf4.} Bb7 10. Rd1 Qc7 11. e4 {[#] e5 is the strong threat.The position is equal.} dxe4 (11... Bf4 $11 {remains equal.}) 12. Nxe4 $16 Nxe4 13. Qxe4 {[%csl Gd3][%cal Re4h7]} g6 14. dxc5 bxc5 {[#]} 15. Bxd6 $146 ({Predecessor:} 15. Qh4 Ne5 16. Ng5 h5 17. Be4 Ba6 18. Bxa8 Rxa8 19. Ne4 Rb8 20. Rxd6 Rxb2 21. Qd8+ Qxd8 22. Rxd8+ Kh7 23. Bxe5 {1-0 (23) Jumabayev,R (2654)-Gomez Garrido,C (2479) chess.com INT 2020}) 15... Qxd6 16. Ba6 Qc7 17. Bxb7 Qxb7 18. Ne5 Rac8 19. Rd7 (19. O-O $14) 19... Qa8 {[#] White must now prevent ...Nxe5.} 20. Nxc6 (20. Nc4 {feels hotter.} Rcd8 21. Rd1 Qb7 22. O-O Qa6 23. b3) 20... Rxc6 21. O-O Rb6 22. Qxa8 Rxa8 $11 {[%mdl 4096] Endgame KRR-KRR} 23. b3 c4 24. bxc4 Rc8 25. Rxa7 Rxc4 26. g3 Rxc3 27. Rd1 (27. f4 $11) 27... Rb2 $17 {Black converts the advantage convincingly.} 28. Rdd7 $2 (28. Kg2 $17 Rcc2 29. Rf1) 28... Rf3 $19 29. a4 (29. Rdb7 $142 Re2 30. Rb4) 29... Rfxf2 30. a5 (30. h4 $142 Rg2+ 31. Kf1) 30... Rg2+ 31. Kf1 Rxh2 {[%cal Rh2h1]} 32. Kg1 Rbg2+ 33. Kf1 Ra2 {[%cal Rh2h1]} 34. Kg1 Rhg2+ 35. Kf1 Rgf2+ 36. Kg1 Rf5 37. a6 Rc5 $2 (37... h5 $19 {Threatens to win with ...Rf3.} 38. Rd3 Kg7) 38. Rd1 $2 {[%mdl 8192]} (38. Rxf7 $15 Rxa6 39. Rg7+ Kf8 40. Raf7+ Ke8 41. Rb7) 38... Kg7 39. Rf1 Rf5 40. Rd1 $2 (40. Rxf5 exf5 41. Rb7) 40... h5 41. Ra8 (41. Rd3 $142 Kh6 42. Rdd7) 41... Rfa5 42. Rd6 Rb5 {( -> ...Rb1+)} 43. Rd1 Rb6 44. a7 Rb7 45. Rc1 Rbxa7 46. Rac8 Ra1 47. Rxa1 Rxa1+ {KR-KR} 48. Kg2 Ra2+ 49. Kf3 Ra7 50. Rd8 Kf6 51. Rf8 Ra3+ 52. Kf4 Ra4+ 53. Kf3 e5 54. Rc8 Kf5 55. Rc6 Ra3+ 56. Kg2 f6 57. Rc4 g5 58. Rb4 Rd3 59. Rc4 Rd4 60. Rc6 g4 61. Rc8 Rd2+ 62. Kg1 Ke4 63. Rh8 Kf3 {Black mates.} 64. Rxh5 Kxg3 {[%cal Rd2d1]} 65. Kf1 Rf2+ 66. Kg1 f5 67. Rh8 e4 68. Rc8 Rg2+ 69. Kf1 Rd2 70. Rc3+ Rd3 71. Rc2 Kf4 72. Kg2 g3 73. Rc8 Rd2+ 74. Kg1 Kf3 {Accuracy: White = 46%, Black = 82%.} 0-1

[Event "FIDE-Online-Steinitz-Memorial-Women"]
[Site "Internet"]
[Date "2020.05.15"]
[Round "1.1"]
[White "Cori T., Deysi"]
[Black "Lagno, Kateryna"]
[Result "0-1"]
[WhiteElo "2391"]
[BlackElo "2608"]
[Annotator "TA"]
[PlyCount "54"]
[EventDate "2020.05.15"]
[EventType "tourn"]
[SourceTitle "playchess.com"]
[Source "ChessBase"]
[SourceQuality "1"]

{[%evp 11,54,25,37,5,9,0,27,16,45,20,22,22,12,20,27,6,16,0,0,-53,-61,-127,-121,-264,-254,-251,-251,-250,-254,-252,-179,-191,-124,-131,559,-185,-195,-235,-140,-417,-407,-1164,-1166,-1151,-1072]} 1. d4 Nf6 2. c4 g6 3. Nc3 d5 4. cxd5 Nxd5 5. e4 Nxc3 6. bxc3 Bg7 7. Bg5 {D85: Exchange Grünfeld: Unusual White 7th moves and lines with 7 Nf3.} c5 8. Rc1 h6 9. Be3 {White has an edge.} O-O 10. Nf3 Qa5 11. Qd2 cxd4 12. cxd4 Qxd2+ 13. Kxd2 Rd8 14. Bd3 Nc6 {[%cal Rc6d4] [#]} 15. d5 $146 ({White should play} 15. Rc4 $11) ({Predecessor:} 15. Rc4 Bg4 16. d5 Bxf3 17. gxf3 Ne5 18. Rc7 e6 19. Bc2 exd5 20. exd5 Rxd5+ 21. Ke2 {½-½ (40) Alonso Rosell,A (2485)-Massoni,M (2299) Porto Carras 2010}) 15... Nb4 $15 16. Rc7 (16. Bd4 $15) 16... e6 $1 $17 17. Bc4 (17. Bc5 $17 Nxd3 18. Kxd3) 17... exd5 $19 18. exd5 Nxd5 19. Bxd5 Rxd5+ 20. Ke2 Rb5 21. Rhc1 {[#]} Bf5 (21... Be6 $1 $19 22. a3 Ra5) 22. Nd4 $17 {[#]} Be4 $2 {[%mdl 8192]} (22... Rb2+ $1 $17 {stays on course.} 23. Kf3 Bxd4 24. Bxd4 Rxa2) 23. f3 $4 {[%mdl 8192]} (23. Rc8+ $18 {and life is good for White.} Rxc8 24. Rxc8+ Kh7 25. Nxb5) 23... Rb2+ $19 {[%mdl 64] Double Attack} 24. Kf1 Bd5 (24... Bd3+ $19 25. Ke1 g5) 25. Rd7 $2 {[%mdl 8192]} (25. R1c2 $17 Rxa2 26. Rc8+ Rxc8 27. Rxc8+ Kh7 28. Rc5 Bxd4 29. Bxd4) 25... Bxa2 26. Rxb7 (26. Rcc7 $142) 26... Rxb7 27. Nc6 Kh7 {Accuracy: White = 32%, Black = 58%.} 0-1

[Event "FIDE-Online-Steinitz-Memorial-Women"]
[Site "Internet"]
[Date "2020.05.15"]
[Round "2"]
[White "Lagno, Kateryna"]
[Black "Paehtz, Elisabeth"]
[Result "0-1"]
[WhiteElo "2608"]
[BlackElo "2396"]
[Annotator "TA"]
[PlyCount "76"]
[EventDate "2020.05.15"]
[EventType "tourn"]
[SourceTitle "playchess.com"]
[Source "ChessBase"]
[SourceQuality "1"]

{[%evp 14,76,41,29,76,65,61,27,26,0,0,0,12,-34,-23,-66,-22,-47,-41,-59,-47,-31,-36,-66,-61,-63,-47,-65,-61,-51,-56,-79,-64,-156,-147,-190,-200,-375,-237,-220,-191,-534,-297,-279,-200,-319,-322,-318,-264,-285,-158,-278,-280,-302,-263,-802,-791,-839,-851,-2367,-2019,-5377,-5377,-5257,-1403]} 1. e4 c5 2. Nf3 d6 3. d4 cxd4 4. Nxd4 Nf6 5. Nc3 a6 6. Be3 e5 7. Nf3 Be6 8. Ng5 Qc7 {B90: Sicilian Najdorf: Unusual White 6th moves, 6 Be3 Ng4 and 6 Be3 e5.} 9. Nxe6 fxe6 10. a4 Be7 {White has an edge.} 11. Be2 O-O 12. O-O Nc6 {[%cal Bb8c6,Bc6e5,Be5c4][%mdl 32] [#]} 13. f4 $146 ({Predecessor:} 13. Bc4 Qd7 14. Qf3 Rae8 15. Qh3 Bd8 16. Rfd1 Qe7 17. f3 Nd4 18. Rd2 Bb6 19. Kh1 {1-0 (47) Krejci,J (2503)-Givon,A (2340) Olomouc 2012}) 13... exf4 14. Rxf4 Ne5 15. Rf1 Rac8 16. a5 Nc4 17. Bxc4 $1 Qxc4 18. Qd3 Nd7 19. Rxf8+ Bxf8 20. Ra4 Qc6 21. Qe2 Ne5 22. Bf2 Be7 {Black continues to play with concentration.} 23. Rd4 ({Better is} 23. h3 $15) 23... Bf6 $17 24. Rd1 {[#]} Nc4 $1 {[%cal Rc4b2]} 25. Qg4 $2 (25. e5 Bxe5 26. Ne4) 25... Re8 26. Ne2 Nxb2 27. Nd4 $2 (27. Rf1 {is tougher.}) 27... Qc4 {Strongly threatening ...Qa4.} 28. Rd2 Qc3 29. Nf3 (29. Nb3 {keeps fighting.}) 29... Nc4 $19 {[%mdl 64] [#] Double Attack} ({And not} 29... Qxa5 30. Rxd6 Nc4 31. Rxe6 $15) 30. Re2 Ne5 ({Don't play} 30... Nxa5 31. e5 $19) 31. Nxe5 Qxe5 ({Less strong is} 31... dxe5 32. Be1 $17) (31... Bxe5 $19 32. Be1 Bd4+ 33. Kh1 Qa1) 32. h4 (32. Qg3 $17 {might work better.}) 32... Qxa5 33. Bg3 Qc3 34. Bxd6 $2 (34. Qh5 g6 35. Qf3) 34... Qd4+ {Black is clearly winning.} 35. Rf2 Qxd6 36. Rxf6 Qd4+ {[%mdl 64] Double Attack} 37. Rf2 Rf8 38. Qxe6+ Kh8 {Accuracy: White = 34%, Black = 56%.} 0-1

[Event "FIDE-Online-Steinitz-Memorial-Women"]
[Site "Internet"]
[Date "2020.05.15"]
[Round "2"]
[White "Kosteniuk, Alexandra"]
[Black "Abdumalik, Zhansaya"]
[Result "1-0"]
[WhiteElo "2521"]
[BlackElo "2409"]
[Annotator "TA"]
[PlyCount "45"]
[EventDate "2020.05.15"]
[EventType "tourn"]
[SourceTitle "playchess.com"]
[Source "ChessBase"]
[SourceQuality "1"]

{[%evp 17,45,24,27,0,18,-32,92,89,105,85,116,110,158,106,658,551,551,474,939,938,836,924,862,899,875,831,1538,1028,1415,756]} 1. e4 e5 2. Nf3 Nc6 3. Bb5 a6 4. Ba4 Nf6 5. d4 exd4 6. O-O d6 7. Nxd4 Bd7 8. Bxc6 bxc6 9. Re1 {9.Qf3 gains popularity.} Be7 $1 {[#]} 10. f4 $1 $146 {[%mdl 8] An important novelty. C87: Closed Ruy Lopez: Steinitz-type lines after 6 Re1 d6.} ({Predecessor:} 10. Qf3 O-O 11. Nc3 Re8 12. h3 Rb8 13. b3 c5 14. Nf5 Bxf5 15. Qxf5 Nd7 16. Nd5 Bf6 17. Rb1 Re6 18. Bd2 g6 19. Qf3 Bg7 20. Ba5 {½-½ (94) Hovhannisyan,R (2641)-Andriasian,Z (2611) Yerevan 2020}) 10... c5 11. e5 cxd4 (11... dxe5 $15 12. fxe5 Bg4) 12. exf6 $16 {White is better.} gxf6 13. Qxd4 Rg8 14. Nc3 {[#] Strongly threatening Nd5.} c5 15. Qe4 $40 {[%mdl 128] White attacks with force.} (15. Qd3 $142 f5 16. Nd5) 15... Ra7 $2 {[%mdl 8192] Loses the game.} (15... f5 $16 16. Qd3 Kf8) 16. Qxh7 {[%cal Rh7g8] White is clearly winning.} Rf8 17. f5 Qc8 {[#]} (17... Bc6 $142 18. Bh6 Kd7 19. Bxf8 Qxf8) 18. Rxe7+ $1 $18 {[%mdl 512]} Kxe7 19. Nd5+ Ke8 20. Bh6 Bxf5 21. Qg7 {[%mdl 64] Double Attack} Qe6 22. Qxf8+ Kd7 23. Qb8 {Accuracy: White = 69%, Black = 36%.} 1-0